02399nam a2200325 i 4500003000900000005001700009007000300026008004100029020001800070040003000088041000800118082001900126100004300145245011200188264004800300300002600348336002700374337003300401338002800434500007700462520099700539590002701536700004501563910001401608942001401622952013601636952014201772952014201914999001702056DO-SdBNP20250822085955.0ta250822t2025 dr 000 0 spa d z9688124035770 aDO-SdBNPbspacBNPHUerda aspa axxxxbN9642221 aNúñez, Charlieeautor4aut.98848510aPor políticos y polìtica :bsin fronteras partidarias /cCharlie Núñez ; prólogo, Darian Várgas 1aSanto Domingo :bEditora Centenario,c2025. a122 páginasc23 cm. atextobtxt2rdacontent asin mediaciónbn2rdamedia avolumenbnc2rdacarrier aIncluye datos biográficos del autor en la solapa de la contracubierta. aEn "Por políticos y política sin fronteras partidarias", Charlie Núñez ofrece una mirada crítica, aguda y sin ataduras a la evolución política dominicana desde la Independencia hasta el presente. A través de una narrativa clara y documentada, el autor analiza los ciclos de auge y decadencia de los principales partidos, los liderazgos que marcaron época, y los cambios sociales que exigen una nueva forma de hacer política. Desde la gesta de La Trinitaria hasta la era digital, Núñez recorre los caminos de Bosch, Balaguer, Peña Gómez, y más recientemente, figuras como Leonel Fernández, Danilo Medina y Luis Abinader. El libro denuncia la desconexión entre la clase política y la ciudadanía, la fragilidad de las instituciones y la urgencia de una renovación basada en valores, transparencia y participación real. No es solo un repaso histórico. Es una invitación a la reflexión profunda sobre el país que somos y el futuro que merecemos. aInventariado, 2025/ YL1 aVárgas, Darian eprólogo4pr.988524 aYLockward 2ddccLBS1 00102ddc51708PDaBNPHUbBNPHUcCTd2025-07-30eDepósito Legall0oBNPHU PD xxxx N964p2025-8669r2025-08-22w2025-08-22yLBS1 00102ddc51708PDaBNPHUbBNPHUcCTd2025-07-30eDepósito Legall0oBNPHU PD xxxx N964p2025-8670r2025-08-22te. 2w2025-08-22yLBS1 00102ddc56708DSaBNPHUbBNPHUcCTd2025-07-30eDepósito Legall0oBNPHU DS xxxx N964p2025-8671r2025-08-22te. 3w2025-08-22yLBS1 c59805d59805